| 000 | 01154nam a22002777a 4500 | ||
|---|---|---|---|
| 001 | BD-DhSAU | ||
| 003 | BD-DhSAU | ||
| 005 | 20251112160155.0 | ||
| 008 | 150420b2005 bg ||||| m||| 00| 0 eng d | ||
| 040 | _aBD-DhSAU | ||
| 082 |
_222 _a639.8 _b17-07670 |
||
| 100 |
_aKHANAM, AFRIN _eRegistration No. # 17-07670 |
||
| 245 |
_aRecipe optimization and shelf-life determination of
fish noodles prepared from farmed tilapia (oreochromis
niloticus) /
_bMS thesis |
||
| 260 |
_aSher-e-Bangla Agricultural University: _bDepartment of Fishing and Post Harvest Technology, _c2025. |
||
| 300 |
_axii, 38p. ; _c30 cm. |
||
| 500 | _aMS thesis of Department of Fishing and Post Harvest Technology,,, Faculty of Fisheries , Sher-e-Bangla Agricultural University, Dhaka, Bangladesh | ||
| 504 | _aIncludes bibliographical reference. | ||
| 590 | _aNazmul | ||
| 650 | _aoptimization and shelf-life | ||
| 651 | _afish noodles prepared | ||
| 654 | _atilapia (oreochromis niloticus) | ||
| 700 |
_aProf. Dr. Asif Wares Newaz _eSuperviser |
||
| 700 |
_aAssist. Prof. Dr. Md. Mohibbullah _eCo-superviser |
||
| 856 | _yNO | ||
| 942 |
_2ddc _cTHESIS |
||
| 999 |
_c18157 _d18156 |
||